000
00292nam a22001217a 4500
008
180205b xxu||||| |||| 00| 0 eng d
041
_a
eng
080
_a
82
100
_a
22
101
_a
gju
245
_a
the doubleday rogets thsaurus in dictionary
_c
sindney.i.l
942
_2
udc
_c
BK
999
_c
41793
_d
41793